| 000 | 00614nam a22001577a 4500 | ||
|---|---|---|---|
| 005 | 20161017151455.0 | ||
| 008 | 161017b xxu||||| |||| 00| 0 eng d | ||
| 050 | _aHD5660.T35N993 | ||
| 100 |
_aNyalali, F.L. _926816 |
||
| 245 |
_aAspects of industrial conflicts _ba case study of trade dispute in Tanzania 1967-1973 _cby Nyalali, F.L. |
||
| 260 |
_aKampala _bEast African Literature Bureau _c1975 |
||
| 300 |
_a219p.; _c21cm. |
||
| 650 |
_aWorkers Council _zTanzania _xHistory _926817 |
||
| 650 |
_aIndustrial management _xEmloyee participation _xLaw and legislation _zTanzania _926818 |
||
| 942 |
_2lcc _cMONOGRAPH |
||
| 999 |
_c125530 _d125530 |
||